| 000 | 00399nam a2200145 4500 | ||
|---|---|---|---|
| 005 | 20260530115255.0 | ||
| 100 | 1 |
_aEdo Smithshuijzen _930396 |
|
| 245 | 1 | 0 | _aSignage Design Manual |
| 264 | 1 |
_bLars Müller Publishers _c2007 |
|
| 300 | _a455 páginas | ||
| 500 | _aSeñalética y diseño de Información | ||
| 336 |
_atexto _2rdacontent |
||
| 337 |
_asin medio _2rdamedia |
||
| 338 |
_avolumen _2rdacarrier |
||
| 999 |
_c12577 _d12577 |
||